<?xml version="1.0" encoding="UTF-8"?><?xml-stylesheet type="text/xsl" href="static/style.xsl"?><OAI-PMH xmlns="http://www.openarchives.org/OAI/2.0/" xmlns:xsi="http://www.w3.org/2001/XMLSchema-instance" xsi:schemaLocation="http://www.openarchives.org/OAI/2.0/ http://www.openarchives.org/OAI/2.0/OAI-PMH.xsd"><responseDate>2026-04-28T17:55:57Z</responseDate><request verb="GetRecord" identifier="oai:riubu.ubu.es:10259/5517" metadataPrefix="marc">https://riubu.ubu.es/oai/request</request><GetRecord><record><header><identifier>oai:riubu.ubu.es:10259/5517</identifier><datestamp>2024-04-16T12:29:26Z</datestamp><setSpec>com_10259_4244</setSpec><setSpec>com_10259_5086</setSpec><setSpec>com_10259_2604</setSpec><setSpec>col_10259_4245</setSpec></header><metadata><record xmlns="http://www.loc.gov/MARC21/slim" xmlns:doc="http://www.lyncode.com/xoai" xmlns:xsi="http://www.w3.org/2001/XMLSchema-instance" xmlns:dcterms="http://purl.org/dc/terms/" xsi:schemaLocation="http://www.loc.gov/MARC21/slim http://www.loc.gov/standards/marcxml/schema/MARC21slim.xsd">
<leader>00925njm 22002777a 4500</leader>
<datafield tag="042" ind1=" " ind2=" ">
<subfield code="a">dc</subfield>
</datafield>
<datafield tag="720" ind1=" " ind2=" ">
<subfield code="a">Niknam, S. Mehdi</subfield>
<subfield code="e">author</subfield>
</datafield>
<datafield tag="720" ind1=" " ind2=" ">
<subfield code="a">Escudero Barbero, Isabel</subfield>
<subfield code="e">author</subfield>
</datafield>
<datafield tag="720" ind1=" " ind2=" ">
<subfield code="a">Benito Moreno, José Manuel</subfield>
<subfield code="e">author</subfield>
</datafield>
<datafield tag="260" ind1=" " ind2=" ">
<subfield code="c">2020-10</subfield>
</datafield>
<datafield tag="520" ind1=" " ind2=" ">
<subfield code="a">Currently, industry is requesting proven techniques that allow the use of encapsulated&#xd;
polyphenols, rather than free molecules, to improve their stability and bioavailability. Response surface&#xd;
methodology (RSM) was applied in this work to determine the optimal composition and operating&#xd;
conditions for preparation of water-in-oil-in-water (W/O/W) emulsions loaded with phenolic rich&#xd;
inner aqueous phase from olive mill wastewater. A rotor-stator mixer, an ultrasonic homogenizer&#xd;
and a microfluidizer processor were tested in this study as high-energy emulsification methods.&#xd;
Optimum results were obtained by means of microfluidizer with 148 MPa and seven cycles input&#xd;
levels yielding droplets of 105.3   3.2 nm in average size and 0.233   0.020 of polydispersity&#xd;
index.  -potential, chemical and physical stability of the optimal W/O/W emulsion were also&#xd;
evaluated after storage. No droplet size growth or changes in stability and  -potential were observed.&#xd;
Furthermore, a satisfactory level of phenolics retention (68.6%) and antioxidant activity (89.5%) after&#xd;
35 days of storage at room temperature makes it suitable for application in the food industry.</subfield>
</datafield>
<datafield tag="024" ind2=" " ind1="8">
<subfield code="a">http://hdl.handle.net/10259/5517</subfield>
</datafield>
<datafield tag="024" ind2=" " ind1="8">
<subfield code="a">10.3390/foods9101411</subfield>
</datafield>
<datafield tag="024" ind2=" " ind1="8">
<subfield code="a">2304-8158</subfield>
</datafield>
<datafield ind1=" " ind2=" " tag="653">
<subfield code="a">water-in-oil-in-water (W/O/W) emulsion</subfield>
</datafield>
<datafield ind1=" " ind2=" " tag="653">
<subfield code="a">response surface methodology (RSM)</subfield>
</datafield>
<datafield ind1=" " ind2=" " tag="653">
<subfield code="a">microfluidization</subfield>
</datafield>
<datafield ind1=" " ind2=" " tag="653">
<subfield code="a">ultrasonic homogenization</subfield>
</datafield>
<datafield ind1=" " ind2=" " tag="653">
<subfield code="a">rotor-stator mixing</subfield>
</datafield>
<datafield ind1=" " ind2=" " tag="653">
<subfield code="a">stability analysis</subfield>
</datafield>
<datafield tag="245" ind1="0" ind2="0">
<subfield code="a">Formulation and preparation of water-In-oil-In-water emulsions loaded with a phenolic-rich Inner aqueous phase by application of high energy emulsification methods</subfield>
</datafield>
</record></metadata></record></GetRecord></OAI-PMH>